000 00966nam a2200277 a 4500
001 000020552
003 DO-SdBNP
005 20180214093321.0
007 000020552
008 100810s1999 dr c 000 0 spa d
040 _aBPMSU
_bspa
_cBPMSU
092 _a324.23
_bV335r
100 1 _aEl Chino
_qVásquez G., Francisco
245 1 0 _aReseña histórica del PLD en Villa Mella /
_cFrancisco Vásquez G.
260 _aSanto Domingo :
_b[s.n.],
_c1999.
300 _a48 p. :
_bretrs. ;
_c21 cm.
500 _aIncluye datos biográficos del autor en la contracubierta
600 0 4 _aPARTIDO DE LA LIBERACIÓN DOMINICANA
650 4 _aPARTIDOS POLÍTICOS
_xHISTORIA
_zREPÚBLICA DOMINICANA
651 4 _aVILLA MELLA (REPÚBLICA DOMINICANA)
_xHISTORIA
942 _2ddc
_cBK
945 _aInventariado, 2018 /LP
956 _aBTAVAREZ
_b10
_c20100810
_lBND01
_h1129
956 _aYLOCKWARD
_b10
_c20100812
_lBND01
_h1045
956 _aVMATEO
_b10
_c20150810
_lBPMSU
_h00150811
999 _c8164
_d8164